| 000 | 00617nam a2200181Ia 4500 | ||
|---|---|---|---|
| 008 | 100920s9999 xx 000 0 und d | ||
| 082 |
_b19065 _a491.462 थ 64 |
||
| 100 | _aआपटे हरि नारायण. | ||
| 245 | _aसंगीत सती पिंगला. | ||
| 260 |
_bआर्यभूषण मुद्रणालय, पुणे 4. _c1964 |
||
| 300 |
_a73 _bसाधी |
||
| 365 | _b1 | ||
| 520 | _aनाटक. | ||
| 630 | _aसंगीत सती पिंगला. | ||
| 650 | _aनाटक. | ||
| 730 | _aसंगीत सती पिंगला. | ||
| 942 | _cBOOK | ||
| 999 |
_c680383 _d680380 |
||